| 000 | 00749nam a2200181Ia 4500 | ||
|---|---|---|---|
| 008 | 130821s2000 ck gs spa | ||
| 040 |
_aCo-BoUCM _bspa |
||
| 041 | 0 | 0 | _aspa |
| 092 | _aCD 0134 | ||
| 110 |
_aBogotá. _bAlcaldía Mayor. _bCentro Distrital de Sistematización y Servicios Tecnicos. SISE |
||
| 245 | 0 | 0 |
_aElecciones Alcalde-Consejo-JAL Bogotá Distrito Capital, resultados escrutinios, noviembre 8 de 2000 _cCentro Distrital de Sistematización y Servicios Tecnicos. |
| 260 |
_aBogotá (Colombia) _bSISE _c2000 |
||
| 300 | _a1 CD-ROM | ||
| 650 | 0 | 4 |
_aCiencia política _9340 |
| 650 | 0 | 4 |
_aElecciones _zBogotá (Colombia) _y2000 _vCD-ROM _913957 |
| 650 | 0 | 4 |
_aVoto _zBogotá (Colombia) _y2000 _vCD-ROM _926369 |
| 942 |
_cMULTIMEDIA _2LOCAL _a6 _e1 |
||
| 999 |
_c31571 _d31571 |
||